The rise of the house of McNally, or, About time too / (Record no. 1311)

MARC details
000 -LEADER
fixed length control field 01205cam a2200337 a 4500
005 - DATE AND TIME OF LATEST TRANSACTION
control field 20230814150953.0
020 ## - INTERNATIONAL STANDARD BOOK NUMBER
International Standard Book Number 9780805074789
020 ## - INTERNATIONAL STANDARD BOOK NUMBER
International Standard Book Number 0805074783 (hc : alk. paper)
040 ## - CATALOGING SOURCE
Original cataloging agency DLC
Transcribing agency DLC
Modifying agency DLC
Language of cataloging eng
050 00 - LIBRARY OF CONGRESS CALL NUMBER
Classification number PZ7.A6776
Item number Ri 2005
082 00 - DEWEY DECIMAL CLASSIFICATION NUMBER
Classification number [Fic]
Edition number 22
100 1# - MAIN ENTRY--PERSONAL NAME
Personal name Ardagh, Philip.
245 14 - TITLE STATEMENT
Title The rise of the house of McNally, or, About time too /
Statement of responsibility, etc. Philip Ardagh ; with illustrations by David Roberts.
246 30 - VARYING FORM OF TITLE
Title proper/short title Rise of the house of McNally
246 30 - VARYING FORM OF TITLE
Title proper/short title About time too
260 ## - PUBLICATION, DISTRIBUTION, ETC.
Place of publication, distribution, etc. London :
Name of publisher, distributor, etc. Faber and Raber Limited,
Date of publication, distribution, etc. 2004.
300 ## - PHYSICAL DESCRIPTION
Extent 152 pages :
Other physical details illuatrations ;
Dimensions 21 cm.
490 1# - SERIES STATEMENT
Series statement The third unlikely exploit ;
Volume/sequential designation 3
505 ## - FORMATTED CONTENTS NOTE
Formatted contents note Q
520 ## - SUMMARY, ETC.
Summary, etc. In their third and final adventure, the McNally children meet Lionel Lyons, who asks their help to fix problems that were created by time travelers.
521 ## - TARGET AUDIENCE NOTE
Target audience note 860 <br/>
Source Lexile
521 ## - TARGET AUDIENCE NOTE
Target audience note Q <br/>
Source Raz-Plus
650 #1 - SUBJECT ADDED ENTRY--TOPICAL TERM
Topical term or geographic name entry element Siblings
Form subdivision Fiction.
650 #1 - SUBJECT ADDED ENTRY--TOPICAL TERM
Topical term or geographic name entry element Space and time
Form subdivision Fiction.
650 #1 - SUBJECT ADDED ENTRY--TOPICAL TERM
Topical term or geographic name entry element Humorous stories.
700 1# - ADDED ENTRY--PERSONAL NAME
Personal name Roberts, David
Dates associated with a name 1970-
Relator term illustrator
906 ## - LOCAL DATA ELEMENT F, LDF (RLIN)
a 7
b cbc
c orignew
d 1
e ocip
f 20
g y-gencatlg
942 ## - ADDED ENTRY ELEMENTS (KOHA)
Source of classification or shelving scheme Dewey Decimal Classification
Koha item type Books
Suppress in OPAC No
999 ## -
-- 1311
-- 1311
Holdings
Withdrawn status Lost status Source of classification or shelving scheme Damaged status Not for loan Collection Home library Current library Shelving location Date acquired Total Checkouts Full call number Barcode Date last seen Price effective from Koha item type
    Dewey Decimal Classification     Juvenile Fiction Footprints International School Library Network Toul Kork Campus Footprints International School Library Network Toul Kork Campus   08/14/2023   ARD 813.6 PZ7.A6776 FISTKG2B057 08/14/2023 08/14/2023 Books